Statistics for Countries with the lowest median age with exceptions

Click here to take the quiz!

General Stats

  • This quiz has been taken 26 times
    (9 since last reset)
  • The average score is 15 of 20

Answer Stats

Median AgeAnswer% Correct
23.5Syria
100%
19.8Yemen
100%
21.2Iraq
100%
23.5Jordan
100%
19.5Afghanistan
86%
25.3Tajikistan
86%
25.3Nepal
86%
22.0Pakistan
86%
23.5Solomon Islands
71%
23.0Vanuatu
71%
24.0Laos
71%
24.1Tonga
71%
24.1Philippines
71%
24.1Haiti
71%
24.4Honduras
71%
23.8Marshall Islands
71%
19.6East Timor
57%
23.9Belize
57%
24.0Papua New Guinea
57%
23.2Guatemala
43%

Score Distribution

Percentile by Number Answered

Percent of People with Each Score

Your Score History

You have not taken this quiz since the last reset